Top 3 NBA 2K18 Players by College: Big East - Statistics

General Stats
  • This quiz has been taken 15 times
    14 since last reset
  • The average score is 9 of 24
Answer Stats
Type Name Rating % Correct
Marquette Dwayne Wade 82
85%
Marquette Jimmy Butler 90
85%
Butler Gordon Hayward 88
77%
Villanova Kyle Lowry 87
69%
Creighton Doug McDermott 73
54%
Providence Kris Dunn 72
54%
Xavier David West 74
46%
Georgetown Greg Monroe 80
46%
Creighton Kyle Korver 74
46%
Butler Shelvin Mack 73
46%
Georgetown Jeff Green 73
38%
Villanova Josh Hart 70
38%
St. John's Maurice Harkless 74
38%
Georgetown Otto Porter, Jr. 80
38%
Marquette Jae Crowder 80
31%
Xavier Jordan Crawford 73
31%
DePaul Wilson Chandler 76
23%
Providence Ben Bentil 66
15%
Villanova Dante Cunningham 72
15%
Creighton Anthony Tolliver 72
8%
Seton Hall Isaiah Whitehead 73
8%
St. John's Jakarr Sampson 69
8%
St. John's Metta World Peace 70
8%
Xavier Semaj Christon 70
8%
No matching quizzes found
Score Distribution
Percent of People with Each Score
Percentile by Number Answered
Your Score History
You have not taken this quiz since the last reset